Liečebne sa tešia na Nemcov
Novému majiteľovi väčšiny akcií Kúpeľov Štrbské Pleso asistuje J&T Finance Group za finančnej podpory britského fondu. História privatizácie klimatických kúpeľov. Financovanie kúpeľov. Snaha oživiť niektoré kúpeľné domy. Orientácia kúpeľov na solventnejšiu klientelu.
Salvato in:
| Autore principale: | |
|---|---|
| Altri autori: | |
| Natura: | Capitolo di libro |
| Lingua: | slovacco |
| Soggetti: | |
| Tags: |
Nessun Tag, puoi essere il primo ad aggiungerne!!
|
MARC
| LEADER | 00000naa a2200000 4500 | ||
|---|---|---|---|
| 001 | r047535 | ||
| 005 | 20230921114732.3 | ||
| 041 | 0 | |a slo | |
| 044 | |a SK | ||
| 245 | 1 | 0 | |a Liečebne sa tešia na Nemcov |c Martin Jesný, Milan Velecký |
| 520 | |a Novému majiteľovi väčšiny akcií Kúpeľov Štrbské Pleso asistuje J&T Finance Group za finančnej podpory britského fondu. História privatizácie klimatických kúpeľov. Financovanie kúpeľov. Snaha oživiť niektoré kúpeľné domy. Orientácia kúpeľov na solventnejšiu klientelu. | ||
| 610 | 2 | 0 | |a kúpele |
| 610 | 2 | 0 | |a kúpeľníctvo |
| 610 | 2 | 0 | |a reštrukturalizácia |
| 610 | 2 | 0 | |a financovanie |
| 610 | 2 | 0 | |a klienti |
| 610 | 2 | 0 | |a solventnosť |
| 610 | 2 | 0 | |a Štrbské Pleso |
| 100 | 1 | |a Jesný, Martin | |
| 700 | 1 | |a Velecký, Milan | |